| 000 | 00602cab a22002055a 4500 | ||
|---|---|---|---|
| 001 | L155229 | ||
| 008 | 120313e20120209xxk 000 0 eng d | ||
| 035 | _a(Sirsi) u155229 | ||
| 041 | 0 | _aeng | |
| 100 | 1 | _aHill, Chris | |
| 245 | 0 | 0 | _aWhat are the legal issues that lie behind BIM? |
| 260 | _c2012 | ||
| 490 |
_aConstruction News _v(7256) 8 March 2012, 26(1) |
||
| 520 | _aDiscusses the issues that should be considered before using BIM extensively on projects. | ||
| 590 | _aKA | ||
| 650 | 2 | 4 | _aBUILDING INFORMATION MODELLING |
| 651 | 4 |
_aUnited Kingdom _y |
|
| 690 |
_aBIM _96219 |
||
| 942 | _n0 | ||
| 999 |
_c83835 _d83835 |
||